| 000 | 00809nam a22002657a 4500 | ||
|---|---|---|---|
| 001 | 0046050 | ||
| 003 | KOHA_MİRAKIL | ||
| 005 | 20260207003505.0 | ||
| 007 | ta | ||
| 008 | 140801b2014 tu |||gro|||#1|||0|tur | | ||
| 040 |
_aTR-BiSEU _btur _cTR-BiSEU _erda |
||
| 041 | 0 | _atur | |
| 044 | _ctu | ||
| 050 |
_aQA445 _b.G46 2014 |
||
| 111 | 2 |
_aGeometri sempozyumu (12. : Bilecik : 2014) _984743 |
|
| 245 | 1 | _aXII. Geometri sempozyumu 23-26 Haziran 2014, Bilecik bildiri özetleri. | |
| 264 | 1 |
_aBilecik : _bBilecik Şeyh Edebali Üniversitesi Fen Edebiyat Fakültesi _c2014 |
|
| 300 |
_a143 sayfa ; _c27 cm. |
||
| 336 |
_ametin _btxt _2rdacontent |
||
| 337 |
_aaracısız _bn _2rdamedia |
||
| 338 |
_acilt _bnc _2rdacarrier |
||
| 650 | 0 |
_aGeometri--Kongreler. _984744 |
|
| 907 | _aSempozyum | ||
| 942 |
_2lcc _cBK |
||
| 999 |
_c46017 _d46017 |
||